01257nam a2200301Ia 4500001001200000003000800012006001900020007001500039008004100054020001800095020002600113040002100139035002100160050002400181100002500205245013200230260003400362300002600396504005100422533015200473650005100625650005700676651003300733655002900766710001700795856012600812999001700938ebr10715328CaPaEBRm o u cr cn|||||||||130608s2013 njua sb 001 0 eng d z9781118686270 z9781118756515 (ebook) aCaPaEBRcCaPaEBR a(OCoLC)84685182514aGC1085b.A43 2013eb1 aAlbright, Richard D.10aDeath of the Chesapeakeh[electronic resource] :ba history of the military's role in polluting the bay /cRichard D. Albright. aHoboken, NJ :bWiley,cc2013. axxiii, 201 p. :bill. aIncludes bibliographical references and index. aElectronic reproduction.bPalo Alto, Calif. :cebrary,d2013.nAvailable via World Wide Web.nAccess may be limited to ebrary affiliated libraries. 0aMarine pollutionzChesapeake Bay (Md. and Va.) 0aOceanographyxResearchzChesapeake Bay (Md. and Va.) 0aChesapeake Bay (Md. and Va.) 7aElectronic books.2local2 aebrary, Inc.40uhttp://site.ebrary.com/lib/rucke/Doc?id=10715328zAn electronic book accessible through the World Wide Web; click to view c40849d40849